Chongqing Quiz - Statistics

General Stats
  • This quiz has been taken 62 times
  • The average score is 6 of 11
Answer Stats
Hint Answer % Correct
Major river Yangtze
93%
Historically, Chongqing was part of this region and province Sichuan
84%
He ruled the Republic of China from Chongqing, 1938-1946 Chiang Kai-shek
76%
Natural formation that gave name to a nearby dam Three Gorges
67%
Party that controlled mentioned republic Kuomintang
64%
Later longtime Communist premier who operated in Chongqing during roughly the same time {Zhou} Enlai
58%
The whole municipality has an area of 82 403 km² (31 816 sq mi). Name either of the two countries most similar in size. Austria | United Arab Emirates
44%
With its damp climate and lack of sunshine, Chongqing shares this nickname with San Francisco {Fog} City
42%
Name of the Chinese mafia. It was massively cracked down on by the same mayor, with little concern to due process Triads
38%
A street in Jiulongpo district is dedicated to this kind of painting Graffiti
22%
Under mayor Bo Xilai 2007-12, Chongqing adopted this neo-Maoist policy {Red} culture
18%
No matching quizzes found
Score Distribution
Percent of People with Each Score
Percentile by Number Answered
Your Score History
You have not taken this quiz